Cellophane / (Registro nro. 25914)
[ vista simple ]
| 000 -CABECERA | |
|---|---|
| campo de control de longitud fija | 00866naa a22002417a 4500 |
| 001 - NÚMERO DE CONTROL | |
| campo de control | vtls000029730 |
| 003 - IDENTIFICADOR DEL NÚMERO DE CONTROL | |
| campo de control | ES-BaIT |
| 005 - FECHA Y HORA DE LA ÚLTIMA TRANSACCIÓN | |
| campo de control | 20251127103104.0 |
| 007 - CAMPO FIJO DE DESCRIPCIÓN FÍSICA--INFORMACIÓN GENERAL | |
| campo de control de longitud fija | t| |
| 008 - DATOS DE LONGITUD FIJA--INFORMACIÓN GENERAL | |
| campo de control de longitud fija | 111114s1996 xxu|||||| |00| |eng|d |
| 010 ## - NÚMERO DE CONTROL DE LA BIBLIOTECA DEL CONGRESO | |
| Número de control de LC | 29730 |
| 035 ## - NÚMERO DE CONTROL DEL SISTEMA | |
| Número de control de sistema | 0029-73060 |
| -- | ES-BaIT035 |
| 039 #9 - NIVEL DE CONTROL BIBLIOGRÁFICO Y DETALLES DE CODIFICACIÓN [OBSOLETO] | |
| Nivel de reglas en descripción bibliográfica | 201403072325 |
| Nivel de esfuerzo utilizado para asignar no-encabezamientos de materia en puntos de acceso | VLOAD |
| Nivel de esfuerzo utilizado en la asignación de encabezamientos de materia | 201303092021 |
| Nivel de esfuerzo utilizado para asignar clasificación | VLOAD |
| Nivel de esfuerzo utilizado en la asignación de encabezamientos de materia | 201111141545 |
| Nivel de esfuerzo utilizado para asignar clasificación | VLOAD |
| -- | 201110052309 |
| -- | VLOAD |
| 100 1# - ENTRADA PRINCIPAL--NOMBRE DE PERSONA | |
| Nombre de persona | Wellman, Mac |
| 9 (RLIN) | 52449 |
| 245 10 - MENCIÓN DE TÍTULO | |
| Título | Cellophane / |
| Mención de responsabilidad, etc. | Mac Wellman |
| 500 ## - NOTA GENERAL | |
| Nota general | Sense llista de personatges |
| 500 ## - NOTA GENERAL | |
| Nota general | Estrena 1991-09 University of New Mexico (Albuquerque), dir. Mac Wellman |
| 773 0# - ENLACE AL DOCUMENTO FUENTE/ENTRADA DE REGISTRO ANFITRIÓN | |
| Encabezamiento principal | Plays for the end of the century / edited, with an introduction, by Bonnie Marranca |
| Lugar, editor y fecha de publicación | London : Johns Hopkins University, cop.1996 |
| Número de control del registro | vtls000029229 |
| Número Internacional Estándar del Libro | 0-8018-5108-4 |
| Número bibliográfico anfitrión | 25476 |
| 790 ## - Identificador-font | |
| w | 0029-22960 |
| 790 ## - Identificador-font | |
| a | 002922960 |
| 917 ## - | |
| -- | Falta matèries. Cat. rev |
| 942 ## - ELEMENTOS DE ENTRADA AGREGADA (KOHA) | |
| Tipo de ítem Koha | Article |
No hay ítems disponibles.


